<?xml version="1.0" encoding="UTF-8"?>
<marc:record xmlns:marc="http://www.loc.gov/MARC21/slim">
   <marc:leader>00000nam a2200000 a 4500</marc:leader>
   <marc:datafield ind1="1" ind2=" " tag="100">
      <marc:subfield code="a">Kova, Elise</marc:subfield>
      <marc:subfield code="4">aut</marc:subfield>
      <marc:subfield code="e">Verfasser/-in</marc:subfield>
   </marc:datafield>
   <marc:datafield ind1="0" ind2="0" tag="245">
      <marc:subfield code="a">Deal with the Elf King</marc:subfield>
   </marc:datafield>
   <marc:datafield ind1="0" ind2="0" tag="245">
      <marc:subfield code="c">Kova, Elise</marc:subfield>
   </marc:datafield>
   <marc:datafield ind1=" " ind2="1" tag="264">
      <marc:subfield code="a">Hamburg</marc:subfield>
      <marc:subfield code="b">Carlsen</marc:subfield>
      <marc:subfield code="c">2025</marc:subfield>
   </marc:datafield>
   <marc:datafield ind1="1" ind2=" " tag="490">
      <marc:subfield code="a">Maried into Magic</marc:subfield>
   </marc:datafield>
   <marc:datafield ind1="1" ind2=" " tag="520">
      <marc:subfield code="a">Die Elfen kommen für zwei Dinge in das Reich der Menschen: Krieg und Ehefrauen. In beiden Fällen bringen sie den Tod. Früher wurden die Menschen von den Elfen verfolgt – bis das Abkommen geschlossen wurde. Seither bleiben die Menschen unbehelligt, im Gegenzug wählen die Elfen alle 100 Jahre ein Mädchen aus Capton zu ihrer menschlichen Königin. Auserkoren zu werden bedeutet, mit dem Zeichen des Todes versehen zu sein. Darum ist Luella dankbar, dass sie dieser Bürde entkommen konnte. Doch dann taucht unerwartet der Elfenkönig auf, kalt, unnahbar, aber unwiderstehlich ... und er ist ihretwegen da.</marc:subfield>
   </marc:datafield>
   <marc:datafield ind1=" " ind2=" " tag="020">
      <marc:subfield code="a">9783551584830</marc:subfield>
      <marc:subfield code="9">9783551584830</marc:subfield>
   </marc:datafield>
   <marc:datafield ind1=" " ind2=" " tag="020">
      <marc:subfield code="a">3551584834</marc:subfield>
      <marc:subfield code="9">3551584834</marc:subfield>
   </marc:datafield>
   <marc:datafield ind1=" " ind2=" " tag="041">
      <marc:subfield code="a">ger</marc:subfield>
   </marc:datafield>
   <marc:datafield ind1=" " ind2=" " tag="300">
      <marc:subfield code="a">494 Seiten</marc:subfield>
   </marc:datafield>
</marc:record>
